Diagnóstico preliminar del uso de productos naturales no maderables (PNNM) en Colombia y definición de las condiciones para el establecimiento de la red preliminar de PNNM en el país (Registro nro. 3333)

Detalles MARC
000 -CABECERA
Campo de control 00809nam a2200205 a 4500
005 - FECHA Y HORA DE LA ULTIMA TRANSACCION
Campo de control 20140905152853.0
008 - ELEMENTOS DE LONGITUD FIJA—INFORMACION GENERAL
Campo de control 140120b1999 ck ||||| |||| 00| 0 spa d
041 ## - IDIOMA
Código de idioma para texto/pista de sonido o título separado Español
090 ## - CLASIFICACIÓN LOCAL
Colección IAvH
Consecutivo 00045
100 ## - ASIENTO PRINCIPAL--NOMBRE PERSONAL
Nombre personal Vivas, Manuel Benjamín
245 ## - MENCION DE TITULO
Título Diagnóstico preliminar del uso de productos naturales no maderables (PNNM) en Colombia y definición de las condiciones para el establecimiento de la red preliminar de PNNM en el país
260 ## - PUBLICACION, DISTRIBUCION, ETC. (PIE DE IMPRENTA)
Lugar de publicación, distribución, etc. Bogotá
Nombre del editor, distribuidor, etc. Conservación Internacional
-- Instituto Alexander von Humboldt
Fecha de publicación, distribución, etc. 1999
300 ## - DESCRIPCION FISICA
Extensión 173 p.
650 ## - ASIENTO SECUNDARIO DE MATERIA - TERMINO TEMATICO
Término temático o nombre geográfico como elemento de entrada Productos naturales no maderables
650 ## - ASIENTO SECUNDARIO DE MATERIA - TERMINO TEMATICO
Término temático o nombre geográfico como elemento de entrada Uso sostenible de la biodiversidad
650 ## - ASIENTO SECUNDARIO DE MATERIA - TERMINO TEMATICO
Término temático o nombre geográfico como elemento de entrada Materias primas para artesanías
650 ## - ASIENTO SECUNDARIO DE MATERIA - TERMINO TEMATICO
Término temático o nombre geográfico como elemento de entrada Iniciativa BIOTRADE
662 ## - ASIENTO SECUNDARIO DE MATERIA - JERARQUIA DEL NOMBRE DE LUGAR(
País o entidad mayor Colombia
942 ## - ELEMENTOS ADICIONALES (KOHA)
Tipo de ítem Informe Técnico
Sistema de clasificación Local
Existencias
Withdrawn status Lost status Sistema de Clasificación Damaged status No para préstamo Colección Inventariado Ubicación Permanente Ubicación actual Fecha de adquisición Fuente de Valor Total Checkouts Número topográfico Inventario / Código de Barras Date last seen Ejemplar Price effective from Forma de adquisición Tipo de material
    Local     Humboldt Inventariado 2017 Bogotá Bogotá 15/05/2003 Biocomercio   IAvH-00045 008241 09/08/2024 Ej. 1 04/12/2012   Informe Técnico